Poverty and the human condition : a philosophical inquiry

Αποθηκεύτηκε σε:
Λεπτομέρειες βιβλιογραφικής εγγραφής
Κύριος συγγραφέας: Jones, John D. 1947-
Μορφή: Βιβλίο
Γλώσσα:English
Δημοσίευση: Lewiston : Edwin Mellen Press, c1990
Σειρά:Problems in contemporary philosophy ; ; 26
Θέματα:
Ετικέτες: Προσθήκη ετικέτας
Δεν υπάρχουν, Καταχωρήστε ετικέτα πρώτοι!

MARC

LEADER 00000nam a2200000 i 4500
001 1/15162
008 010110s1990 eng d
020 |a 0-88946-273-9 
035 |l 10065287 
040 |a GR-MY-UA  |b gre  |e aacr 
041 0 |a eng 
082 0 |a 128 
100 1 |a Jones, John D.  |d 1947- 
245 1 0 |a Poverty and the human condition :  |b a philosophical inquiry /  |c John D. Jones 
260 |a Lewiston :   |b Edwin Mellen Press,   |c c1990 
300 |a viii, 379 p. 
490 1 |a Problems in contemporary philosophy  |v ; 26 
504 |a Includes bibliographical references and index 
650 0 0 |a Poverty. 
650 0 0 |a Poverty  |x Religious aspects  |x Christianity. 
830 0 |a Problems in contemporary philosophy ;  |v ; 26 
852 |a INST  |b LESVOS  |e 20010110  |h 128 JOH  |p 005100029007  |q 005100029007  |t BK  |y 0 
901 |a BIBL1-2001-1 
909 |a Λ  |b 084289 
922 |a 1ΕΛΗ  |b 200012  |c ΤΑΚ/ΤΓ  |d ΜΙΧΑΛΟΠΟΥΛΟΣ 
950 |a 118-1999-09-20 
970 |a ΤΖΑΦΕΡΗ  |b ΕΥΑΓΓΕΛΙΑ  |z 2001/03/30